Training instruments for human resources development (Record no. 41861)

MARC details
000 -LEADER
fixed length control field 00340nam a2200121Ia 4500
020 ## - INTERNATIONAL STANDARD BOOK NUMBER
ISBN 007462329X
082 ## - DEWEY DECIMAL CLASSIFICATION NUMBER
Classification number 658.3
Item number PAR
100 ## - MAIN ENTRY--AUTHOR NAME
Personal name Pareek, Udai
245 #0 - TITLE STATEMENT
Title Training instruments for human resources development
260 ## - PUBLICATION, DISTRIBUTION, ETC. (IMPRINT)
Place of publication New Delhi
Name of publisher Tata McGraw-Hill Publishing
Year of publication 2001
942 ## - ADDED ENTRY ELEMENTS (KOHA)
Koha item type Books
Holdings
Withdrawn status Lost status Damaged status Not for loan Home library Current library Date acquired Cost, normal purchase price Full call number Accession Number Koha item type
        RRII Library RRII Library 16/12/2021 595.00 658.3 PAR 22144 Books